Statistics for AAC Teams

Click here to take the quiz!

General Stats

  • This quiz has been taken 22 times
  • The average score is 9 of 11

Answer Stats

Answer% Correct
Memphis Tigers
100%
Cincinnati Bearcats
94%
Houston Cougars
94%
Temple Owls
94%
Tulane Green Wave
94%
Central Florida Knights
88%
South Florida Bulls
88%
South Methodist Mustangs
88%
East Carolina Pirates
82%
Wichita Shockers
82%
Tusla Golden Hurricanes
29%

Score Distribution

Percentile by Number Answered

Percent of People with Each Score

Your Score History

You have not taken this quiz